Optimalizácia hrúbky dosky : Edícia vedeckých prác,Zošit č.58

Na minha lista:
Detalhes bibliográficos
Autor principal: Tvrdá, Katarína, 1966- (Author)
Formato: Livro
Idioma:eslovaco
Publicado em: Bratislava : STU v Bratislave SvF, 2008
Tags: Adicionar Tag
Sem tags, seja o primeiro a adicionar uma tag!

MARC

LEADER 00000nam a22000003a 4500
001 stu175608
005 20220321183331.0
008 081110s2008----xo------------------slo-d
020 |a 978-80-227-2875-1 
040 |a STU  |b slo 
041 0 |a slo 
044 |a xo 
100 1 |a Tvrdá, Katarína,  |d 1966-  |4 aut  |u V250  |9 100  |U SvF Stavebná fakulta  |T SvF Katedra stavebnej mechaniky  |X 662  |U V250  |Y 26  |7 A000000662 
245 1 |a Optimalizácia hrúbky dosky :  |b Edícia vedeckých prác,Zošit č.58 
260 |a Bratislava :  |b STU v Bratislave SvF,  |c 2008 
300 |a 108 s 
996 |b 284V033370  |c V*2521/DP-745  |l VVS  |s P  |a 0  |w stu175608_0001